Normal view
MARC view
- Tahir, Sheza
Entry Personal Name
001 - CONTROL NUMBER
- control field: 124015
003 - CONTROL NUMBER IDENTIFIER
- control field: NUST
005 - DATE AND TIME OF LATEST TRANSACTION
- control field: 20240703101052.0
008 - FIXED-LENGTH DATA ELEMENTS
- fixed length control field: 240703|| aca||aabn | a|a d
040 ## - CATALOGING SOURCE
- Original cataloging agency: NUST
- Transcribing agency: NUST
100 ## - HEADING--PERSONAL NAME
- Personal name: Tahir, Sheza
670 ## - SOURCE DATA FOUND
- Source citation: Work cat.: (NUST): Tahir, Sheza , Examining the Effectiveness of Virtual Reality in Stress Management /
